NBA Teams by Market Size - Statistics

General Stats
  • This quiz has been taken 32 times
  • The average score is 11 of 30
Answer Stats
Rank Answer % Correct
1-2 Brooklyn Nets
96%
1-2 New York Knicks
96%
3-4 Los Angeles Lakers
92%
3-4 Los Angeles Clippers
88%
5 Chicago Bulls
84%
8 Dallas Mavericks
52%
10 Houston Rockets
48%
11 Golden State Warriors
44%
7 Philadelphia 76ers
44%
6 Toronto Raptors
40%
9 Washington Wizards
40%
13 Boston Celtics
36%
12 Atlanta Hawks
32%
15 Detroit Pistons
28%
14 Phoenix Suns
28%
18 Denver Nuggets
20%
21 Sacramento Kings
20%
25 Utah Jazz
20%
23 Charlotte Hornets
16%
20 Cleveland Cavaliers
16%
24 Indiana Pacers
16%
29 Memphis Grizzlies
16%
17 Miami Heat
16%
27 Milwaukee Bucks
16%
16 Minnesota Timberwolves
16%
30 New Orleans Pelicans
16%
28 Oklahoma City Thunder
16%
22 Portland Trail Blazers
16%
26 San Antonio Spurs
16%
19 Orlando Magic
12%
No matching quizzes found
Score Distribution
Percent of People with Each Score
Percentile by Number Answered
Your Score History
You have not taken this quiz